Obtiažnosť spravodlivého zdaňovania
Úloha miestnych majetkových daní ako súčasti fiškálneho systému. Ich dôležitou časťou sú dane z nehnuteľností. Majetkové dane v západných krajinách. Pozitíva a negatíva majetkových daní. Hlavné kritériá miestnych majetkových daní. Dane z nehnuteľností.
Salvato in:
| Autore principale: | |
|---|---|
| Natura: | Capitolo di libro |
| Lingua: | slovacco |
| Soggetti: | |
| Tags: |
Nessun Tag, puoi essere il primo ad aggiungerne!!
|
MARC
| LEADER | 00000naa$a2200000$$$4500 | ||
|---|---|---|---|
| 001 | 0011432 | ||
| 005 | 20231016083404.9 | ||
| 041 | 0 | |a slo | |
| 044 | |a SK | ||
| 245 | 1 | 0 | |a Obtiažnosť spravodlivého zdaňovania |c Dušan Tichý |
| 520 | |a Úloha miestnych majetkových daní ako súčasti fiškálneho systému. Ich dôležitou časťou sú dane z nehnuteľností. Majetkové dane v západných krajinách. Pozitíva a negatíva majetkových daní. Hlavné kritériá miestnych majetkových daní. Dane z nehnuteľností. | ||
| 610 | 2 | 0 | |a dane majetkové |
| 610 | 2 | 0 | |a krajiny vyspelé |
| 610 | 2 | 0 | |a dane miestne |
| 610 | 2 | 0 | |a dane z nehnuteľností |
| 100 | 1 | |a Tichý, Dušan | |